| 000 | 00373nam a2200145Ia 4500 | ||
|---|---|---|---|
| 008 | 150201s1991 xx 000 0 und d | ||
| 082 |
_a617.525 _bK1991B |
||
| 100 | _aPETE BANKS | ||
| 245 | _aKILLEYS FRACTURES OF THE MANDIBLE | ||
| 250 | _a4TH | ||
| 260 |
_bVARGHESE PUBLICATION _aDADAR (MUMBAI) _c1991 |
||
| 300 | _a1-158 | ||
| 650 | _aORAL SURGERY | ||
| 942 |
_2ddc _cBK _017 |
||
| 999 |
_c4364 _d4364 |
||